banner-ar

AMERICAN RUGS AND CARPETS: FROM SEVENTEENTH CENTURY TO MODERN TIMES / (Record no. 17665)

MARC details
000 -الفاتح
حقل البيانات ثابتة الطول 00489nam a2200169Ia 4500
008 - عناصر البيانات ثابتة الطول - معلومات عامة
حقل البيانات ثابتة الطول 140319s9999 xx 000 0 eng d
040 ## - مصدر الفهرسة
وكالة الفهرسة الأصلية GCL /
وكالة النسخ GCL
082 04 - رقم تصنيف ديوى العشرى
رقم التصنيف 746.773
رقم المادة R N
100 1# - المدخل الرئيسى - إسم شخصى
الإسم الشخصى ROSSESTIEL, HALENE V.
245 10 - بيان العنوان
العنوان AMERICAN RUGS AND CARPETS: FROM SEVENTEENTH CENTURY TO MODERN TIMES /
بيان المسئوليه,etc ROSSESTIEL, HALENE V.
260 ## - PUBLICATION, DISTRIBUTION, ETC. (IMPRINT)
تاريخ النشر أو التوزيع 1978
300 ## - الوصف المادى
التعداد 142 P P
650 04 - المدخل الاضافى بالموضوع-مصطلح موضوعى
مصطلح موضوعي CARPETS
650 04 - المدخل الاضافى بالموضوع-مصطلح موضوعى
مصطلح موضوعي RUGS
942 ## - عناصر المدخل الإضافي( كوها)
مصدر التصنيف او مخطط الترفيف Dewey Decimal Classification
Koha [default] item type كتاب
260 ## - PUBLICATION, DISTRIBUTION, ETC. (IMPRINT)
-- [S.N] :
-- WILLIAM MARROW AND COMPANY,INC ،
Holdings
حالة التراجع حالة الفقد حالة تلف ليس للاعارة المكان المؤقت الموقع الحالى تاريخ الاكتساب اجمالي اﻻعارات رقم الطلب الباركود تاريخ اخر مشاهدة تاريخ تفعيل السعر نوع وعاء كوها
        مكتبة القاهرة الكبرى مكتبة القاهرة الكبرى 03/26/2014   746.773\R N 31893 03/26/2014 03/26/2014 كتاب

Powered By

EGPV